=LDR 00000nam 2200000 4500 =001 NUTBA000000000002253 =005 20140610114937.0 =006 =007 =008 Ind =035 ##$$0010-061400000000196 =041 ##$$a Ind =082 ##$$a 340.574 =090 ##$$a 340.574 Mul p =100 ##$$a Asmin Mulyadikrama,SH =245 ##$$a Pengantar hukum adat Indonesia,Asmin Mulyadikrama,SH =260 ##$$a JAkarta $b 1997 =300 ##$$a 85halm, 21 cm =650 ##$$a Pengantar hukum adat =850 ##$$a NBPNMAT =990 ##$$a 90249/BPAP-NTB/2014 =990 ##$$a 94115/BPAP-NTB/2014 =990 ##$$a 21400613/BPAP-NTB/20142014 =990 ##$$a 0258/BPAP-NTB/2015